000 00604nam a2200253Ia 4500
003 OSt
005 20221005125129.0
006 a|||||r|||| 00| 0
007 ta
008 221004b |||||||| |||| 00| 0 tam d
020 _c4.00
024 _a49018
037 _cTextual
040 _aCRL
_cCRL
_btam
041 _2tam
_atam
082 _aO31,1NPA3x, L7
100 _aPanju Au.
_9636210
245 0 _aOttuppul
260 _c1977
650 _a TAMIL POETRY
650 _aTAMIL LITERATURE
942 _hO31,1NPA3x, L7
_cTEXL
_2cc
999 _c1053055
_d1053055